Rogier van der weyden (Record no. 4491)

MARC details
000 -CABECERA
campo de control de longitud fija 00765nam a2200217 a 4500
001 - NÚMERO DE CONTROL
campo de control BRCA_4794
005 - FECHA Y HORA DE LA ÚLTIMA TRANSACCIÓN
campo de control 20190320204817.0
008 - DATOS DE LONGITUD FIJA--INFORMACIÓN GENERAL
campo de control de longitud fija 111010c1945----sz-a######---#000-0#ger-#
041 ## - CÓDIGO DE LENGUA
Código de lengua del texto/banda sonora o título independiente ger
044 ## - CÓDIGO DEL PAÍS DE LA ENTIDAD EDITORA/PRODUCTORA
Código MARC del país sz
050 #4 - SIGNATURA TOPOGRÁFICA DE LA BIBLIOTECA DEL CONGRESO
Número de clasificación ND625
Número de documento/Ítem .V47 1945
100 1# - ENTRADA PRINCIPAL--NOMBRE DE PERSONA
Nombre de persona Verlag Bern, Iris
9 (RLIN) 12138
245 10 - MENCIÓN DE TÍTULO
Título Rogier van der weyden
Resto del título gemälde aus dem escorial und aus dem prado-museum
Mención de responsabilidad, etc. Iris Verlag Bern ; einführung von Walter Ueberwasser.
260 ## - PUBLICACIÓN, DISTRIBUCIÓN, ETC.
Lugar de publicación, distribución, etc. Suiza
Nombre del editor, distribuidor, etc. Laupen Bern
Fecha de publicación, distribución, etc. 1945
300 ## - DESCRIPCIÓN FÍSICA
Extensión 15 p.
Otras características físicas il. 7 láminas a color
Dimensiones 40 cm.
500 ## - NOTA GENERAL
Nota general Incluye listado de obras
600 14 - PUNTO DE ACCESO ADICIONAL DE MATERIA--NOMBRE DE PERSONA
Nombre de persona Rogier van der weyden
Fechas asociadas al nombre 1349-1464
Subdivisión general Pintor flamenco
9 (RLIN) 12139
650 14 - PUNTO DE ACCESO ADICIONAL DE MATERIA--TÉRMINO DE MATERIA
Término de materia o nombre geográfico como elemento de entrada Pintura flamenca
Subdivisión de forma Exposiciones
Subdivisión cronológica Siglo XV
9 (RLIN) 12140
710 2# - PUNTO DE ACCESO ADICIONAL--NOMBRE DE ENTIDAD CORPORATIVA
Nombre de entidad corporativa o nombre de jurisdicción como elemento de entrada Ueberwasser, Walter
Término indicativo de función/relación Escritor
9 (RLIN) 12141
942 ## - ELEMENTOS DE PUNTO DE ACCESO ADICIONAL (KOHA)
Fuente del sistema de clasificación o colocación Library of Congress Classification
Tipo de ítem Koha Libros
Holdings
Estado de retiro Estado de pérdida Estado dañado No para préstamo Localización permanente Ubicación/localización actual Fecha de adquisición Total de préstamos Signatura topográfica completa Código de barras Fecha visto por última vez Precio válido a partir de Tipo de ítem Koha
El ejemplar forma parte de la colección y puede ser consultado según las políticas vigentes.       Biblioteca del Museo Franz Mayer (Rogerio Casas-Alatriste) Biblioteca del Museo Franz Mayer (Rogerio Casas-Alatriste) 11/10/2010   ND625 .V47 1945 00646 22/03/2019 22/03/2019 Libros